000 00883nam a2200253 a 4500
999 _c782
_d782
008 191030r20072011ii ad||g |||| 00| 0 eng d
020 _a9788131502235
_cRs. 435.00
040 _aKO
_beng
041 0 _aeng
044 _aii
082 0 4 _223
_a428.00246
_bAn2311
100 1 _aAnderson, Paul V.
245 1 0 _aTechnical Communication :
_bA Reader-Centered Approach /
_cPaul V. Anderson
250 _a6th ed.
260 _aNew Delhi :
_bCengage Learning India Private Limited ,
_c2007, reprinted 2011
300 _axxv, 722 p. :
_bill. ;
_c22 cm.
504 _aIncludes Index.
650 0 _aEnglish language
_xTechnical English -- Problems, exercises, etc.
_vTextbooks
650 0 _aCommunication of technical information
_xProblems, exercises, etc.
_vTextbooks
650 0 _aTechnical writing
_xProblems, exercises, etc.
_vTextbooks
904 _aA_BOSE
942 _cBK